Selekcjonerzy Mistrzów Świata - Statystyki

Ogólne statystyki
  • Ten quiz został rozwiązany 62 razy
  • Średni wynik to 7 z 22
Statystyki odpowiedzi
Rok Reprezentacja Selekcjoner % Poprawnych
2018 Francja Didier Deschamps
98%
2014 Niemcy Joachim Low
93%
2010 Hiszpania Vicente Del Bosque
84%
2022 Argentyna Lionel Scaloni
75%
2002 Brazylia Luiz Felipe Scolari
57%
2006 Włochy Marcello Lippi
52%
1990 Niemcy Zach. Franz Beckenbauer
36%
1970 Brazylia Mario Zagallo
29%
1998 Francja Aime Jacquet
23%
1966 Anglia Alf Ramsey
18%
1994 Brazylia Carlos Alberto Parreira
18%
1974 Niemcy Zach. Helmut Schon
18%
1986 Argentyna Carlos Bilardo
14%
1978 Argentyna Cesar Menotti
13%
1982 Włochy Enzo Bearzot
13%
1950 Urugwaj Juan Lopez
9%
1954 Niemcy Zach. Sepp Herberger
9%
1938 Włochy Vittorio Pozzo
9%
1934 Włochy Vittorio Pozzo
9%
1962 Brazylia Aymore Moreira
7%
1958 Brazylia Vicente Feola
7%
1930 Urugwaj Alberto Suppici
5%
Nie znaleziono quizów pasujących do podanych kryteriów
Rozkład punktacji
Procent ludzi z każdym wynikiem
Percentyl według liczby udzielonych odpowiedzi
Twoja historia wyników
Nie rozwiązałeś tego quizu